000 00492nam a2200181Ia 4500
005 20250508154903.0
008 008 250505s9999 xx 000 0 eng d
037 _aTextual
040 _aFEDL
_beng
_cFEDL
041 _aeng
_2eng
084 _a371.333, WIL
_qFEDL
100 _aWilson David
245 0 _aBroadcasting : Vision and sound
260 _aOxford
_bPergamon Press Ltd
_c1968
300 _avii,84p.
942 _cTEXL
_h371.333, WIL
999 _c1352628
_d1352628